Latin Names for European Countries & Regions - Statistics

General Stats
  • This quiz has been taken 154 times
  • The average score is 26 of 40
Answer Stats
Hint Answer % Correct
COUNTRY Hispania Spain
99%
COUNTRY Finnia Finland
98%
COUNTRY Germania Germany
98%
COUNTRY Norvegia Norway
97%
COUNTRY Britanniarum Regnum United Kingdom
97%
COUNTRY Polonia Poland
96%
REGION Scotia Scotland
95%
COUNTRY Graecia Greece
94%
COUNTRY Dania Denmark
93%
COUNTRY Helvetia Switzerland
90%
COUNTRY Res Publica Bohemica Czech Republic
88%
REGION Flandria Flanders
88%
COUNTRY Lettonia Latvia
88%
COUNTRY Suecia Sweden
88%
REGION Normannia Normandy
87%
REGION Anglia England
86%
REGION Tuscia Tuscany
86%
COUNTRY Lusitania Portugal
84%
COUNTRY Ruthenia Russia
82%
COUNTRY Melita Malta
78%
COUNTRY Hibernia Ireland
77%
COUNTRY Mons Niger Montenegro
77%
COUNTRY Monoecus Monaco
76%
COUNTRY Ruthenia Alba Belarus
74%
COUNTRY Batavia Netherlands
71%
REGION Badenia et Virtembergia Baden-Württemberg
62%
REGION Langobardia Lombardy
59%
REGION Gallaecia Galicia
56%
REGION Cambria Wales
51%
REGION Slesvicum et Holsatia Schleswig-Holstein
45%
REGION Latium Lazio
38%
REGION Cornubia Cornwall
35%
REGION Vasconia Basque Country
27%
REGION Ultonia Ulster
22%
REGION Monapia / Mannia Isle of Man
20%
REGION Vandalitia Andalusia
13%
REGION Sarnia / Garnseia Guernsey
12%
REGION Caesarea Jersey
8%
REGION Sapaudia Savoy
5%
REGION Saravia Saarland
3%
No matching quizzes found
Score Distribution
Percent of People with Each Score
Percentile by Number Answered
Your Score History
You have not taken this quiz